Nezameniteľné poslanie o minulosti i súčasnosti divadla Romathan

Bibliographic Details
Main Author: Demeková, Adela (Author)
Format: Article
Language:Slovak
Subjects:

MARC

LEADER 00000nab a2200000 a 4500
001 vtls000927044
003 SK-MaSNL
005 20260303195247.0
008 140417e20000000xo 0 slo
035 |a KE35921 
040 |a KEVKJB  |b slo  |c KEVKJB  |e AACR2 
041 0 |a slo 
044 |a xo  |c SK 
080 |a 792  |2 1981 
080 |a 397  |2 1981 
100 1 |a Demeková, Adela  |4 aut  |9 265566 
245 1 0 |a Nezameniteľné poslanie  |b o minulosti i súčasnosti divadla Romathan 
610 2 7 |a Divadlo Romathan  |2 KEVKJB  |9 29566 
650 0 7 |a dejiny  |2 KEVKJB  |9 3825 
650 0 7 |a súčasnosť  |2 KEVKJB  |9 449161 
773 0 8 |t Javisko  |g Roč. 32 
852 |a ZVYKNI  |b KIS3GCP 
999 |c 2161663  |d 2163593